From finite to infinite dimensional dynamical systems

Αποθηκεύτηκε σε:
Λεπτομέρειες βιβλιογραφικής εγγραφής
Συλλογικό Έργο: NATO Advanced Study Institute on From Finite to Infinite Dimensional Dynamical Systems Cambridge, England, North Atlantic Treaty Organization. Scientific Affairs Division
Άλλοι συγγραφείς: Robinson, James C. (James Cooper), 1969- (Επιμελητής έκδοσης), Glendinning, Paul (Επιμελητής έκδοσης)
Μορφή: Πρακτικό Συνεδρίου Βιβλίο
Γλώσσα:English
Δημοσίευση: Dordrecht ; Boston : Kluwer Academic Publishers, c2001.
Σειρά:NATO science series. Mathematics, physics, and chemistry ; ; 19; Series II
Θέματα:
Ετικέτες: Προσθήκη ετικέτας
Δεν υπάρχουν, Καταχωρήστε ετικέτα πρώτοι!

MARC

LEADER 00000cam a2200000 i 4500
001 1/100617
008 090203s2001 eng d
020 |a 0-7923-6975-0 
035 |l 10102924 
040 |a GR-MY-UA  |b gre  |e aacr 
041 0 |a eng 
082 0 |a 515.35  |2 (22) 
111 2 |a NATO Advanced Study Institute on From Finite to Infinite Dimensional Dynamical Systems   |d (1995 :   |c Cambridge, England) 
245 1 0 |a From finite to infinite dimensional dynamical systems /  |c edited by J.C. Robinson and P.A. Glendinning.  
260 |a Dordrecht ; Boston :   |b Kluwer Academic Publishers,   |c c2001.  
300 |a xiii, 215 σ. :   |b εικ. ;   |c 25 εκ.  
490 1 |a (NATO science series. Mathematics, physics, and chemistry  |v ; 19; Series II)  
500 |a Published in cooperation with NATO Scientific Afairs Division 
504 |a Βιβλιογραφία: σ. 214-215.  
650 0 0 |a Differentiable dynamical systems. 
700 1 |a Robinson, James C.   |q (James Cooper),   |d 1969-  |e edt 
700 1 |a Glendinning, Paul,  |e edt 
710 2 |a North Atlantic Treaty Organization.   |b Scientific Affairs Division. 
830 0 |a NATO science series.   |n Series II,   |p Mathematics, physics, and chemistry ;  |v ; 19; Series II 
852 |a INST  |b SAMOS  |e 20090203  |h 515.35 NAT  |p 005300029459  |q 005300029459  |t BK  |y 0 
901 |a BIBL3-2009-1 
909 |a Σ  |b 155510 
922 |a 3ΕΛΗ  |b 200808  |c ΕΠΕΑΕΚ2/ΤΜΗΜΑ ΜΑΘΗΜΑΤΙΚΩΝ-ΠΡΟΠΤΥΧΙΑΚΟ  |d ΜΙΧΑΛΟΠΟΥΛΟΣ 
970 |a ΣΙΤΖΙΜΗ  |b ΓΙΑΣΕΜΗ  |z 2009/02/03